| 000 | 01367nam a2200385 c 4500 | ||
|---|---|---|---|
| 001 | 58936 | ||
| 003 | CO-BoRNBP | ||
| 005 | 20250829203147.0 | ||
| 007 | ta | ||
| 008 | 180109s2017 sp a gr 000 0 spa d | ||
| 020 | _a9788491048329 | ||
| 040 |
_aCO-BoRNBP _bspa _erda _cCO-BoRNBP |
||
| 041 | 0 | _aspa | |
| 043 | _as-ck--- | ||
| 082 | 0 | 4 |
_a323.44 _bB27s _223 |
| 100 |
_aBerlin, Isaiah, _d1909-1997 _eaut _964446 |
||
| 245 | 1 | 0 |
_aSobre la libertad : _bcon un ensayo sobre Berlin y sus críticos por Ian Harris / _cIsaiah Berlin ; edición de Henry Hardy ; traducción de Julio Bayón [y otros tres]. |
| 250 | _aPrimera edición | ||
| 264 | 1 |
_aMadird, España : _bAlianza Editorial, _c2017 |
|
| 300 | _a429 páginas | ||
| 336 |
_atexto _btxt _2rdacontent |
||
| 337 |
_asin mediación _bn _2rdamedia |
||
| 338 |
_avolumen _bnc _2rdacarrier |
||
| 500 | _aIncluye índice de autores y materias | ||
| 504 | _aIncluye información del autor | ||
| 650 | 0 | 7 |
_aCiencia política _vEnsayos, conferencias, etc. _2lemb _91216 |
| 650 | 0 | 7 |
_aLiberalismo _2lemb _913120 |
| 650 | 0 | 7 |
_aLibertad _vEnsayos, conferencias, etc. _2lemb _964447 |
| 700 |
_aBayón, Julio _etrl _964448 |
||
| 700 |
_aHardy, Henry, editor _eedt _964449 |
||
| 700 |
_aRivero, µngel _etrl _964450 |
||
| 700 |
_aRodríguez, Natalia _etrl _964451 |
||
| 700 |
_aUrrutia, Belén _etrl _936434 |
||
| 942 |
_2ddc _cBKLIT |
||
| 999 |
_c58936 _d58936 |
||